99 Mario Characters - Statistics

General Stats
  • This quiz has been taken 61 times
  • The average score is 45 of 99
Answer Stats
Hint Character # % Correct
An Italian plumber who acquires power-ups to gain special abilities Mario 1
100%
His brother, who is taller and thinner than him Luigi 2
97%
The princess of Sarasaland, who was kidnapped by the alien Tatanga Princess Daisy 4
95%
Character #1's love interest, the princess of the Mushroom Kingdom Princess Peach Toadstool 3
95%
A green dinosaur with the same name as his colorful species Yoshi 8
92%
Mario's arch-nemesis, a large, powerful, fire-breathing Koopa Bowser 15
90%
His son, the heir to the throne, who helps his father carry out his evil plans Bowser Jr. 16
87%
A powerful Kong who wears a red necktie with his initials on it Donkey Kong 14
87%
Character #3's attendant, another member of a species with the same name Toad 10
87%
Character #2's rival, who has only appeared in spin-off titles Waluigi 7
87%
Character #14's "little buddy", a Kong with a prehensile tail and a red cap Diddy Kong 43
85%
Character #1's arch-rival, who is rude and reckless Wario 6
85%
A female member of the same species as character #10 Toadette 11
79%
A pink prehistoric bird with a big red bow Birdo 9
74%
A princess who watches over the Lumas Princess Rosalina 5
74%
Character #1 in infant form Baby Mario 35
72%
The oldest of the seven Koopalings, their intelligent, self-proclaimed leader Ludwig von Koopa 26
72%
One of the seven Koopalings, who is more brawn than brains Roy Koopa 24
72%
The only female member of the seven Koopalings, who has a large pink bow Wendy O. Koopa 22
72%
Character #4 in infant form Baby Daisy 38
69%
Character #2 in infant form Baby Luigi 36
69%
Character #3 in infant form Baby Peach 37
69%
Character #15 in infant form Baby Bowser 42
67%
One of the seven Koopalings, a crazed mechanical genius with green hair Iggy Koopa 23
67%
Character #2's arch-nemesis, the ruler of the Paranormal Dimension King Boo 57
67%
The leader of the Boos on Isle Delfino who appears to be made from goop King Boo 68
67%
One of the seven Koopalings, who is the smallest and most childish Lemmy Koopa 25
67%
One of the seven Koopalings, who has dark brown skin and a white face Morton Koopa Jr. 21
67%
Character #6 in infant form Baby Wario 40
64%
The youngest of the seven Koopalings, who has blue hair Larry Koopa 20
64%
Character #14 in infant form Baby Donkey Kong 41
62%
Character #5 in infant form Baby Rosalina 39
62%
Character #14's elderly grandfather, the one from the original arcade game Cranky Kong 44
62%
Character #43's girlfriend, who can use her ponytail to attack Dixie Kong 48
62%
A Kong who runs a transportation service Funky Kong 53
59%
An elderly member of the same species, who takes care of them Toadsworth 13
59%
A red member of the same species, who leads the ____ Brigade Captain Toad 12
56%
An old yet powerful Magikoopa who serves as character #15's advisor Kamek 31
56%
The leader of the Bob-ombs, who is large with a white mustache King Bob-omb 58
56%
The mayor of New Donk City, who was captured by character #43 Pauline 30
56%
Character #1 with a lab coat, head mirror, and stethoscope Dr. Mario 34
54%
The undead and skeletal version of character #15 Dry Bowser 55
54%
A Bonneter who assists character #1 and allows him to transform Cappy 27
51%
Character #44's son, who must rescue him from character #1 Donkey Kong Jr. 46
51%
A giant green member of a caterpillar-like species for which he is named after Wiggler 65
51%
A thief who steals items from Toad Houses and puts them in his bag Nabbit 33
49%
A large mutant piranha plant with a ring of petals on his head Petey Piranha 32
49%
His alter-ego, character #1's doppelganger who wields the Magic Paintbrush Shadow Mario 17
49%
A member of an eponymous species of Koopa, often battled in fortresses Boom Boom 18
46%
The cruel, malevolent king of the Kremlings King K. Rool 56
46%
Character #14's blonde girlfriend Candy Kong 47
44%
A Goomba who was made a king (and much larger) thanks to the Star Rod Goomboss 60
44%
His female counterpart and partner, often battled in airships Pom Pom 19
44%
A genius scientist whose many inventions include the Poltergust 3000 Professor Elvin Gadd 29
41%
His sister, who was stolen along with character #3 by character #15 Tiara 28
38%
Her younger, taller sister, who can also use her ponytails for attacking Tiny Kong 49
38%
A wacky-looking non-biological distant cousin of the Kong family with orange fur Lanky Kong 52
33%
A huge robot shaped like character #15, controlled by character #16 Mecha-Bowser 66
33%
One of the Broodals, who throws his yellow hat like a boomerang to attack Rango 73
33%
The leader of the Whomps, who is angry about how people treat them The Whomp King 59
33%
The leader of the Broodals, a rabbit wearing a green suit and yellow bow tie Topper 70
33%
Their cousin, who has a large torso and big, long, burly arms Chunky Kong 50
31%
The smartest member of the ____ Brigade, who wears glasses Hint Toad 89
28%
One of the Broodals, who spews poison around himself to attack Spewart 72
28%
The only female member of the Broodals, who uses her braid to throw bombs Hariet 71
26%
His deceased wife, who now appears in the form of a spirit Wrinkly Kong 45
26%
A pair of two large stone hands with an eyeball on each palm Eyerok 61
23%
The ruler of all the Honeybees in three seperate galaxies Honey Queen 99
23%
His younger brother, who despite being the youngest Kong is incredibly strong Kiddy Kong 51
23%
The boss of the Broodals, an obese female rabbit wearing a red dress and hat Madame Broode 74
23%
A massive insectoid robot that attacks by hurling electrical orbs Mechawiggler 78
23%
A lazy and sleepy member of the ____ Brigade Yellow Toad 90
23%
A gigantic pink bird with a chef hat who spits out fruits and gushes out pink liquid Cookatiel 80
21%
A creature traveling to various kingdoms to glide from the highest places Glydon 82
21%
A large Koopa Troopa whom character #1 can race Koopa the Quick 86
21%
A yellow parrot who gives the names of up to three Power Moons at a time Talkatoo 84
21%
A giant Blooper with large and longer tentacles he uses to smack character #1 Gooper Blooper 64
18%
The guardian deity of the Sand Kingdom, based on the Olmec colossal heads Knucklotec 76
18%
A pale pink silhouette of a manta ray that caused Hotel Delfino to disappear Phantamanta 67
18%
A giant dark purple dragon who is thought to have reduced Crumbleden to ruins The Ruined Dragon 81
18%
A large stone statue who reveals a small room once you answer its riddles The Sphynx 83
18%
A green member of the ____ Brigade, who has a great love for Star Bits Banktoad 91
15%
A purple member of the ____ Brigade, who delivers messages to character #1 Mailtoad 92
15%
A Kong known for being a game show host and a flashy entrepreneur Swanky Kong 54
15%
A Chill Bully with a spiked mustache and a crown of ice crystals Chief Chilly 62
13%
A sapient robot who provides exclusive abilities when amiibo are scanned Uncle amiibo 85
13%
A large Mr. I who can be found in Big Boo's Haunt Big Mr. I 63
10%
Her golden pet Chain Chomp, with whom she attacks Chain Chompikins 75
10%
An eel who lives in a massive underwater chamber below Noki Bay Eely-Mouth 69
10%
The self-proclaimed "master of catastrophes" and creator of the Star Carnival MC Ballyhoo 93
10%
A giant purple Gushen whose name means "Mollusk Launcher" in French Mollusque-Lanceur 79
10%
A robotic flying saucer that attacks by aiming and firing laser beams Torkdrift 77
10%
His dark blue top hat and co-host, who holds all of the coins for Chump Charity Big Top 94
8%
A friendly owl who offers to give you a ride to the top of Whomp's Fortress Hoot 88
8%
A warrior from the Star Road sent by a higher authority to help character #1 Geno 98
5%
A giant penguin claiming to be the world champion sledder The Big Penguin 87
5%
The moon, who revolves around the world with character #96 Twila 95
5%
The sun, who started a feud with character #95 Brighton 96
3%
A Nimbus with a strong command of magic, including the ability to heal Mallow 97
3%
No matching quizzes found
Score Distribution
Percent of People with Each Score
Percentile by Number Answered
Your Score History
You have not taken this quiz